Hacia la gran universidad chilena: un modelo de transformación estratégica

Shranjeno v:
Bibliografske podrobnosti
Main Authors: Hax, Arnoldo C (Author), Ugarte, Juan José (Author)
Format: Knjiga
Jezik:španščina
Izdano: Santiago Ediciones Universidad Católica de Chile 2014
Izdaja:1a. ed
Teme:
Oznake: Označite
Brez oznak, prvi označite!

MARC

LEADER 00000cam a2200000 a 4500
001 UCE5476
003 CL-VaPUC
008 150115e20140000cl |||||||||||||||||spa|d
020 |a 9789561414648 
082 0 4 |a 378.83  |b HAX  |2 21 
100 |a Hax, Arnoldo C  |e author  |9 578134 
700 0 |a Ugarte, Juan José  |e author  |9 578135 
245 1 0 |a Hacia la gran universidad chilena: un modelo de transformación estratégica 
250 |a 1a. ed 
300 |a 290 p 
942 |c BK 
945 |d 20150115 11:28:00  |a cmena 
260 |a Santiago  |b Ediciones Universidad Católica de Chile  |c 2014 
650 0 |a Educación superior   |9 223851 
650 0 |a Universidades chilenas  |9 407335 
650 0 |a Planificación estratégica   |9 259735 
583 |a last modification  |c 20150115 11:28:00  |k Rodrigo Vera 
999 |c 358192  |d 358190 
952 |0 0  |1 0  |3 erb  |4 0  |6 378_830000000000000_HAX_2014  |7 0  |8 A  |9 466746  |a BIBING  |b BIBING  |i 5135907  |l 4  |o 378.83 HAX 2014  |p 5135907  |r 2025-01-20  |s 2023-11-16  |w 2019-11-23  |y BK  |z Catalogado en:20150115  |k EII